000 00621nam a2200277Ia 4500
005 20260401122451.0
008 008 250103s9999 xx 000 0 eng d
020 _a9780520258907
037 _aTB
040 _aEDL
040 _beng
040 _cEDL
041 _2eng
041 _aeng
084 _a306ISK
084 _qEDL
245 0 _aEdward Said : A legacy of emancipation and representation
260 _aBerkeley
260 _bUniversity of California Press
260 _c2010
300 _a548p
942 _cTB
942 _h306ISK
999 _c1847469
_d1847469